Oscar winning DC actors - Statistics

General Stats
  • This quiz has been taken 77 times
  • The average score is 15 of 46
Answer Stats
Character Actor % Correct
Joker Heath Ledger
90%
Alfred Pennyworth Michael Caine
88%
Batman Christian Bale
85%
Joker Jack Nicholson
84%
Catwoman Halle Berry
81%
Batman George Clooney
75%
Lucius Fox Morgan Freeman
72%
James Gordon Gary Oldman
71%
Batman Ben Affleck
66%
Catwoman Anne Hathaway
65%
Jor-El Marlon Brando
62%
Two-Face Tommy Lee Jones
62%
Joker Jared Leto
56%
Lex Luthor Gene Hackman
49%
Atlanna/ Dr. Chase Meridian Nicole Kidman
49%
Alfred Pennyworth Jeremy Irons
47%
Katja Catherine Zeta-Jones
46%
Talia al Ghul Marion Cotillard
44%
Vicki Vale Kim Basinger
43%
Amanda Waller Viola Davis
43%
Jonathon Kent Kevin Costner
41%
Max Schreck Christopher Walken
31%
James Gordon J. K. Simmons
24%
Superman Nicholas Cage
12%
Bailey Anthony Hopkins
10%
Evey Hammond Natalie Portman
9%
Jor-El Russel Crowe
9%
June Finch Holly Hunter
6%
Angela and Isabel Dodson Rachel Weisz
4%
Gabriel Tilda Swinton
4%
Hector Hammond Tim Robbins
4%
Richie Cusack William Hurt
4%
Martha Kent Eva Marie Saint
3%
Supergirl Faya Dunaway
3%
Tomar-Re Geoffrey Rush
3%
Carl Grissom Jack Palance
3%
Jean Pierre Dubois Jim Broadbent
3%
Karathen Julie Andrews
3%
Joker Robert De Niro
3%
Michael Sullivan Tom Hanks
3%
Monster T Common
1%
Victoria Helen Mirren
1%
John Rooney Paul Newman
1%
Alexander Dunning Richard Dreyfuss
1%
Helga Kleinman Cloris Leachman
0%
Henry Ernest Borgine
0%
No matching quizzes found
Score Distribution
Percent of People with Each Score
Percentile by Number Answered
Your Score History
You have not taken this quiz